[Event "1st Welsh Masters"]
[Site "Bridgend"]
[Date "2019.08.26"]
[Round "1.3"]
[White "Waddington, Mike P"]
[Black "Toczek, Grzegorz"]
[Result "1/2-1/2"]
[WhiteElo "2023"]
[BlackElo "2246"]
[PlyCount "78"]
[EventDate "2019.08.26"]
[EventType "tourn"]
[EventRounds "9"]
[EventCountry "WLS"]

1. d4 Nf6 2. Nf3 g6 3. Bg5 Bg7 4. e3 c5 5. c3 O-O 6. Bd3 d6 7. O-O Nc6 8. Nbd2
Qc7 9. Rc1 Re8 10. h3 Nd7 11. Re1 Qb8 12. Ne4 b6 13. Qa4 Qb7 14. Bh4 d5 15. Ng3
c4 16. Bb1 f5 17. Ne2 Nf6 18. Bg3 Bd7 19. Qd1 Ne4 20. Bf4 Rad8 21. Ng3 Be6 22.
Ne2 Bf7 23. Ne5 Nxe5 24. dxe5 Nc5 25. Nd4 a6 26. g4 e6 27. Bh2 Nd7 28. f4 Nc5
29. Re2 Bf8 30. Rg2 Kh8 31. Bg3 Be7 32. Qe1 Rc8 33. Bh4 Bxh4 34. Qxh4 Qe7 35.
Qh6 Rg8 36. Kh2 Qf8 37. Qh4 Qd8 38. Qh6 Qf8 39. Qh4 Qd8 1/2-1/2

[Event "1st Welsh Masters"]
[Site "Bridgend"]
[Date "2019.08.26"]
[Round "1.4"]
[White "Varley, Peter"]
[Black "Willow, Jonah B"]
[Result "0-1"]
[WhiteElo "2171"]
[BlackElo "2326"]
[PlyCount "82"]
[EventDate "2019.08.26"]
[EventType "tourn"]
[EventRounds "9"]
[EventCountry "WLS"]

1. d4 d5 2. c4 dxc4 3. Nf3 a6 4. a4 Nf6 5. Qc2 Nc6 6. Qxc4 Be6 7. Qd3 Bg4 8. e3
e6 9. Bd2 Qd5 10. Nc3 Qh5 11. Be2 Rd8 12. Qc4 Bd6 13. h3 Na5 14. Qa2 Bb4 15.
Rg1 Bxf3 16. Bxf3 Qg6 17. Rd1 O-O 18. Qb1 c5 19. Qxg6 hxg6 20. dxc5 Nb3 21.
Bxb7 Nxc5 22. Bf3 Nd3+ 23. Ke2 Nxb2 24. Rb1 Nd3 25. Rgd1 a5 26. Ne4 Nxe4 27.
Bxb4 Nxb4 28. Bxe4 Na2 29. Rb3 Rc8 30. Kf3 Rc4 31. Ra3 Nc3 32. Rd4 Rfc8 33. Bb7
R8c7 34. Rxc4 Rxc4 35. Ba6 Rc5 36. e4 f5 37. Bd3 Nd1 38. exf5 gxf5 39. Bb5 Nc3
40. Rb3 Ne4 41. Bd3 Nd2+ 0-1

[Event "1st Welsh Masters"]
[Site "Bridgend"]
[Date "2019.08.26"]
[Round "2.1"]
[White "Turner, Matthew J"]
[Black "Kett, Tim"]
[Result "1-0"]
[WhiteElo "2519"]
[BlackElo "2245"]
[PlyCount "97"]
[EventDate "2019.08.26"]
[EventType "tourn"]
[EventRounds "9"]
[EventCountry "WLS"]

1. d4 Nf6 2. Nc3 d5 3. Bf4 c6 4. e3 g6 5. h3 Bg7 6. Nf3 O-O 7. Be2 Qb6 8. Rb1
c5 9. O-O cxd4 10. Nxd4 Nc6 11. Nb3 e5 12. Bg5 d4 13. Na4 Qd8 14. exd4 Nxd4 15.
Nxd4 exd4 16. Nc5 Qd5 17. Bxf6 Bxf6 18. b4 Qxa2 19. Bd3 Qd5 20. Be4 Qg5 21.
Bxb7 Bxb7 22. Nxb7 Qd5 23. Na5 Rfe8 24. c4 Qf5 25. Rb3 Kg7 26. Rf3 Qe4 27. b5
Rac8 28. Nc6 a6 29. Qb3 axb5 30. cxb5 Re6 31. Rd1 Rce8 32. Qb4 Qe2 33. Rfd3 Re4
34. Qb3 Be5 35. g3 Re3 36. b6 Qf3 37. Nxe5 R8xe5 38. Qb1 Rf5 39. R1d2 Rg5 40.
Qf1 Rxd3 41. Rxd3 Qc6 42. Rb3 Rc5 43. b7 Rc1 44. b8=Q Rxf1+ 45. Kxf1 Qc4+ 46.
Kg2 Qd5+ 47. Kg1 d3 48. Rb1 d2 49. Qb2+ 1-0

[Event "1st Welsh Masters"]
[Site "Bridgend"]
[Date "2019.08.27"]
[Round "3.2"]
[White "Waddington, Mike P"]
[Black "Rudd, Jack"]
[Result "0-1"]
[WhiteElo "2023"]
[BlackElo "2281"]
[PlyCount "106"]
[EventDate "2019.08.26"]
[EventType "tourn"]
[EventRounds "9"]
[EventCountry "WLS"]

1. d4 Nf6 2. Nf3 e6 3. Bg5 c5 4. e3 Nc6 5. c3 b6 6. Nbd2 Bb7 7. Bd3 Be7 8. O-O
O-O 9. Qc2 h6 10. Bxf6 Bxf6 11. Qd1 d6 12. Qe2 Rc8 13. Rad1 cxd4 14. exd4 Re8
15. Qe4 g6 16. Qe3 Bg7 17. Rfe1 Ne7 18. Ne4 Nd5 19. Qd2 a6 20. Ng3 b5 21. h3
Nb6 22. Be4 Nc4 23. Qe2 d5 24. Bd3 Qb6 25. Ne5 Nxe5 26. dxe5 b4 27. cxb4 Qxb4
28. a3 Qb6 29. Kh2 a5 30. h4 h5 31. f4 Rc7 32. Nh1 Rb8 33. Nf2 Bc6 34. Rd2 Ba4
35. Rg1 Rcb7 36. Nh3 Bb5 37. g4 hxg4 38. Rxg4 Bxd3 39. Qxd3 Qb3 40. Qe2 Qxb2
41. Rg2 Qxa3 42. h5 Rb3 43. Ng5 Qb4 44. Qf2 gxh5 45. Nh3 Kf8 46. Qg1 Qc3 47.
Ng5 Bh6 48. Rc2 Qb4 49. Nh7+ Ke7 50. Qa7+ Rb7 51. Rc7+ Kd8 52. Rxb7 Bxf4+ 53.
Kh1 Rh3+ 0-1

[Event "1st Welsh Masters"]
[Site "Bridgend"]
[Date "2019.08.27"]
[Round "3.3"]
[White "Varley, Peter"]
[Black "James, Dai"]
[Result "1-0"]
[WhiteElo "2171"]
[BlackElo "1858"]
[PlyCount "62"]
[EventDate "2019.08.26"]
[EventType "tourn"]
[EventRounds "9"]
[EventCountry "WLS"]

1. d4 Nf6 2. c4 c5 3. d5 e6 4. Nc3 exd5 5. cxd5 d6 6. e4 g6 7. f4 Bg7 8. Bb5+
Nfd7 9. a4 O-O 10. Nf3 Na6 11. O-O Nc7 12. Bc4 b6 13. Qd3 Bb7 14. Bd2 a6 15.
Rae1 b5 16. axb5 axb5 17. Nxb5 Nb6 18. Nxc7 Qxc7 19. b3 Rfe8 20. Bc3 Nxc4 21.
Bxg7 Kxg7 22. bxc4 f6 23. e5 fxe5 24. fxe5 dxe5 25. Ng5 Kg8 26. Rf7 Re7 27.
Ref1 Rxf7 28. Rxf7 Qd8 29. Rg7+ Kh8 30. Rxh7+ Kg8 31. Qxg6+ Kf8 1-0

[Event "1st Welsh Masters"]
[Site "Bridgend"]
[Date "2019.08.27"]
[Round "3.4"]
[White "Arkell, Keith C"]
[Black "Toczek, Grzegorz"]
[Result "1-0"]
[WhiteElo "2445"]
[BlackElo "2246"]
[PlyCount "135"]
[EventDate "2019.08.26"]
[EventType "tourn"]
[EventRounds "9"]
[EventCountry "WLS"]

1. Nf3 c5 2. c4 g6 3. Nc3 Bg7 4. g3 Nc6 5. Bg2 Nh6 6. a3 O-O 7. Rb1 a5 8. O-O
Nf5 9. d3 d6 10. Bd2 e6 11. Ne1 Nfe7 12. Nb5 Qd7 13. Bc3 Rd8 14. Bxg7 Kxg7 15.
Nf3 b6 16. d4 Ba6 17. a4 Nb4 18. Qd2 Rac8 19. Rfd1 Bxb5 20. axb5 Qc7 21. b3 Kg8
22. e4 cxd4 23. Qh6 f6 24. Nxd4 Qd7 25. Bh3 f5 26. Nf3 Kh8 27. Rd3 d5 28. Rxd5
Ng8 29. Rxd7 Nxh6 30. Rb7 Rb8 31. Rxb8 Rxb8 32. Rd1 Nf7 33. Rd7 Kg8 34. exf5
exf5 35. g4 fxg4 36. Bxg4 Rd8 37. Rb7 Rd6 38. Bd7 Nd8 39. Rc7 Nd3 40. Bc6 Nf4
41. h4 Nfe6 42. Rc8 Kg7 43. Ng5 Nc5 44. Bd5 h6 45. Ne4 Nxe4 46. Bxe4 Kf6 47. c5
bxc5 48. b6 Rxb6 49. Rxd8 Rxb3 50. Ra8 Rb4 51. f3 a4 52. Kf2 Ke5 53. Bxg6 Rxh4
54. Be4 Kd4 55. Rxa4+ c4 56. Bh7 Rf4 57. Ra6 Rh4 58. Rd6+ Kc3 59. Rd1 Rd4 60.
Rh1 Rd6 61. Ke3 Kb2 62. Rb1+ Ka2 63. Rb7 c3 64. Bb1+ Ka1 65. Be4 h5 66. Rh7 Rc6
67. Ra7+ Kb2 68. Rb7+ 1-0

[Event "1st Welsh Masters"]
[Site "Bridgend"]
[Date "2019.08.27"]
[Round "3.5"]
[White "Kett, Tim"]
[Black "Willow, Jonah B"]
[Result "0-1"]
[WhiteElo "2245"]
[BlackElo "2326"]
[PlyCount "56"]
[EventDate "2019.08.26"]
[EventType "tourn"]
[EventRounds "9"]
[EventCountry "WLS"]

1. d4 Nf6 2. Nc3 c5 3. d5 d6 4. e4 a6 5. Bg5 b5 6. f4 Nbd7 7. Qe2 b4 8. Na4 a5
9. Nf3 h6 10. Bxf6 Nxf6 11. O-O-O g6 12. e5 Nh5 13. e6 Bg7 14. Qb5+ Kf8 15. Qc4
Nf6 16. Nh4 Rg8 17. exf7 Kxf7 18. Bd3 Bh8 19. Rhe1 Qc7 20. f5 g5 21. Ng6 Re8
22. Qb5 Bd7 23. Qb6 Qc8 24. Bb5 Rb8 25. Nxh8+ Rxh8 26. Rxe7+ Kxe7 27. Re1+ Kf7
28. Qxd6 Qf8 0-1

[Event "1st Welsh Masters"]
[Site "Bridgend"]
[Date "2019.08.27"]
[Round "4.4"]
[White "Rudd, Jack"]
[Black "Varley, Peter"]
[Result "0-1"]
[WhiteElo "2281"]
[BlackElo "2171"]
[PlyCount "42"]
[EventDate "2019.08.26"]
[EventType "tourn"]
[EventRounds "9"]
[EventCountry "WLS"]

1. d4 d5 2. c4 c6 3. Nf3 Nf6 4. e3 e6 5. Nc3 Nbd7 6. Bd3 dxc4 7. Bxc4 b5 8. Bd3
Bd6 9. a4 b4 10. Ne4 Nxe4 11. Bxe4 Bb7 12. O-O O-O 13. a5 Rc8 14. Nd2 Ba6 15.
Re1 c5 16. Qf3 Nf6 17. Bb7 Bxh2+ 18. Kxh2 Qc7+ 19. Qg3 Qxb7 20. Nb3 Ne4 21. Qe5
Nxf2 0-1

[Event "1st Welsh Masters"]
[Site "Bridgend"]
[Date "2019.08.28"]
[Round "5.1"]
[White "Waddington, Mike P"]
[Black "Turner, Matthew J"]
[Result "0-1"]
[WhiteElo "2023"]
[BlackElo "2519"]
[PlyCount "76"]
[EventDate "2019.08.26"]
[EventType "tourn"]
[EventRounds "9"]
[EventCountry "WLS"]

1. b3 d5 2. Bb2 c6 3. e3 Nf6 4. f4 Bg4 5. Nf3 Nbd7 6. Be2 Bxf3 7. Bxf3 e6 8.
O-O Bd6 9. d4 h6 10. c4 g5 11. g3 Rg8 12. Bg2 gxf4 13. exf4 h5 14. Nc3 Qe7 15.
cxd5 cxd5 16. Nb5 h4 17. a4 hxg3 18. h3 Ne4 19. Nxd6+ Qxd6 20. Ba3 Qb6 21. Bxe4
dxe4 22. Rc1 Nf6 23. Bc5 Qd8 24. f5 Qd7 25. fxe6 Qxe6 26. Qe2 Rg6 27. Kg2 Rh6
28. Qb5+ Nd7 29. Rh1 Qd5 30. Qe2 Qxb3 31. Qxe4+ Re6 32. Qc2 Nxc5 33. dxc5 Qd5+
34. Kg1 O-O-O 35. h4 Rde8 36. Qc3 Re3 37. Qb4 R8e4 38. Qa5 Qa2 0-1

[Event "1st Welsh Masters"]
[Site "Bridgend"]
[Date "2019.08.28"]
[Round "5.2"]
[White "Varley, Peter"]
[Black "Taylor, Adam C"]
[Result "0-1"]
[WhiteElo "2171"]
[BlackElo "2402"]
[PlyCount "62"]
[EventDate "2019.08.26"]
[EventType "tourn"]
[EventRounds "9"]
[EventCountry "WLS"]

1. d4 Nf6 2. c4 c5 3. d5 b5 4. cxb5 a6 5. bxa6 g6 6. Nc3 Bg7 7. g3 Qa5 8. Bd2
O-O 9. Bg2 d6 10. Nf3 Qb6 11. b3 Nxa6 12. O-O Nb4 13. Ng5 Bb7 14. e4 Ba6 15.
Re1 Nd7 16. Na4 Qb7 17. Bc3 Ne5 18. Bf1 h6 19. Nh3 f5 20. Bxa6 Qxa6 21. exf5
Qa7 22. f4 Ned3 23. Bxg7 Kxg7 24. Re6 Rxf5 25. Qg4 Rf6 26. Nc3 c4+ 27. Kg2 Nc2
28. Qe2 Rxe6 29. Qxc2 Ne1+ 30. Rxe1 Rxe1 31. Ne4 Qxa2 0-1

[Event "1st Welsh Masters"]
[Site "Bridgend"]
[Date "2019.08.28"]
[Round "5.3"]
[White "Arkell, Keith C"]
[Black "Rudd, Jack"]
[Result "1/2-1/2"]
[WhiteElo "2445"]
[BlackElo "2281"]
[PlyCount "64"]
[EventDate "2019.08.26"]
[EventType "tourn"]
[EventRounds "9"]
[EventCountry "WLS"]

1. c4 c6 2. Nf3 d5 3. e3 Nf6 4. b3 Bf5 5. Bb2 Nbd7 6. Be2 h6 7. O-O e6 8. d4
Bd6 9. Nbd2 O-O 10. Ne5 Qe7 11. Ndf3 Ba3 12. Bxa3 Qxa3 13. Nxd7 Nxd7 14. Qc1
Qxc1 15. Raxc1 Rfc8 16. Rc3 Nf6 17. cxd5 Ne4 18. Rcc1 cxd5 19. Rfe1 Nc3 20. Ra1
Nxe2+ 21. Rxe2 Rc3 22. Ne1 a5 23. f3 Bg6 24. Kf2 b5 25. Rb2 Rac8 26. Rd1 Rc1
27. Rxc1 Rxc1 28. Ke2 Ra1 29. Nc2 Rc1 30. Kd2 Rf1 31. Ke2 Rc1 32. Kd2 Rf1
1/2-1/2

[Event "1st Welsh Masters"]
[Site "Bridgend"]
[Date "2019.08.28"]
[Round "5.4"]
[White "Kett, Tim"]
[Black "James, Dai"]
[Result "1-0"]
[WhiteElo "2245"]
[BlackElo "1858"]
[PlyCount "55"]
[EventDate "2019.08.26"]
[EventType "tourn"]
[EventRounds "9"]
[EventCountry "WLS"]

1. d4 e6 2. Nf3 Nf6 3. Bg5 c5 4. e3 d5 5. Bd3 Be7 6. O-O O-O 7. c4 Nbd7 8. Nc3
b6 9. cxd5 exd5 10. Rc1 Bb7 11. dxc5 bxc5 12. Qe2 Ne4 13. Bxe7 Qxe7 14. Ba6 Ne5
15. Bxb7 Nxf3+ 16. gxf3 Nxc3 17. Rxc3 Qxb7 18. Rxc5 Rad8 19. Rd1 Rfe8 20. Qb5
Qa8 21. Rcxd5 h6 22. b4 Qc8 23. Rxd8 Rxd8 24. Rxd8+ Qxd8 25. a4 g5 26. Qc6 g4
27. Kg2 Qh4 28. Qc8+ 1-0

[Event "1st Welsh Masters"]
[Site "Bridgend"]
[Date "2019.08.28"]
[Round "6.2"]
[White "James, Dai"]
[Black "Willow, Jonah B"]
[Result "0-1"]
[WhiteElo "1858"]
[BlackElo "2326"]
[PlyCount "40"]
[EventDate "2019.08.26"]
[EventType "tourn"]
[EventRounds "9"]
[EventCountry "WLS"]

1. e4 c5 2. Nc3 Nc6 3. Nge2 g6 4. g3 Bg7 5. Bg2 e6 6. d3 Nge7 7. Be3 Nd4 8. O-O
O-O 9. f4 d6 10. Qd2 Rb8 11. Nd1 b5 12. c3 Nxe2+ 13. Qxe2 b4 14. g4 f5 15. h4
Ba6 16. h5 Qd7 17. Bf3 bxc3 18. Nxc3 fxe4 19. Nxe4 Rxb2 20. Bd2 Nd5 0-1

[Event "1st Welsh Masters"]
[Site "Bridgend"]
[Date "2019.08.29"]
[Round "7.1"]
[White "Varley, Peter"]
[Black "Turner, Matthew J"]
[Result "0-1"]
[WhiteElo "2171"]
[BlackElo "2519"]
[PlyCount "54"]
[EventDate "2019.08.26"]
[EventType "tourn"]
[EventRounds "9"]
[EventCountry "WLS"]

1. d4 Nf6 2. c4 e6 3. Nc3 Bb4 4. e3 O-O 5. Bd3 c5 6. Nf3 d5 7. a3 Ba5 8. O-O
Nc6 9. dxc5 Bxc3 10. bxc3 e5 11. cxd5 Qxd5 12. e4 Qxc5 13. Qc2 Na5 14. Bg5 Be6
15. Bxf6 gxf6 16. Nh4 Rfd8 17. Nf5 Rac8 18. Qe2 Bxf5 19. exf5 Qxc3 20. Qg4+ Kf8
21. Be4 Nb3 22. Rae1 Nd2 23. Re3 Qd4 24. Rfe1 Rc3 25. Rxc3 Qxc3 26. Rd1 Rd4 27.
f3 Nxe4 0-1

[Event "1st Welsh Masters"]
[Site "Bridgend"]
[Date "2019.08.29"]
[Round "7.2"]
[White "Arkell, Keith C"]
[Black "Waddington, Mike P"]
[Result "1-0"]
[WhiteElo "2445"]
[BlackElo "2023"]
[PlyCount "49"]
[EventDate "2019.08.26"]
[EventType "tourn"]
[EventRounds "9"]
[EventCountry "WLS"]

1. d4 e6 2. c4 b6 3. Nf3 Bb7 4. a3 f5 5. Nc3 Nf6 6. d5 Bd6 7. Nd4 Qe7 8. g3 O-O
9. Bg2 g6 10. O-O e5 11. Ndb5 Ne8 12. b4 a6 13. Nxd6 Qxd6 14. e4 f4 15. gxf4
exf4 16. Bb2 Qe5 17. Rb1 Qg5 18. Kh1 d6 19. Bh3 Ng7 20. Ne2 Qe7 21. Qd4 c5 22.
bxc5 dxc5 23. Qxg7+ Qxg7 24. Bxg7 Kxg7 25. Rxb6 1-0

[Event "1st Welsh Masters"]
[Site "Bridgend"]
[Date "2019.08.29"]
[Round "7.3"]
[White "Kett, Tim"]
[Black "Taylor, Adam C"]
[Result "1/2-1/2"]
[WhiteElo "2245"]
[BlackElo "2402"]
[PlyCount "43"]
[EventDate "2019.08.26"]
[EventType "tourn"]
[EventRounds "9"]
[EventCountry "WLS"]

1. e4 c6 2. d4 d5 3. Nc3 g6 4. Be3 dxe4 5. Nxe4 Qb6 6. Nf3 Bg7 7. Bc4 Bf5 8.
Ng3 Qb5 9. Nxf5 Qxc4 10. Nxg7+ Kf8 11. Nh5 gxh5 12. Ne5 Qd5 13. O-O f6 14. c4
Qe6 15. Qf3 Nd7 16. Rab1 Nxe5 17. dxe5 Qg4 18. Rfe1 Qg6 19. e6 Qe8 20. c5 h4
21. Bg5 a6 22. g3 1/2-1/2

[Event "1st Welsh Masters"]
[Site "Bridgend"]
[Date "2019.08.29"]
[Round "7.4"]
[White "Willow, Jonah B"]
[Black "Rudd, Jack"]
[Result "1/2-1/2"]
[WhiteElo "2326"]
[BlackElo "2281"]
[PlyCount "257"]
[EventDate "2019.08.26"]
[EventType "tourn"]
[EventRounds "9"]
[EventCountry "WLS"]

1. e4 c6 2. d4 d5 3. Nc3 dxe4 4. Nxe4 Nd7 5. Ng5 Ngf6 6. Bd3 e6 7. N1f3 Bd6 8.
Qe2 h6 9. Ne4 Nxe4 10. Qxe4 Nf6 11. Qe2 c5 12. dxc5 Bxc5 13. Bd2 Qd5 14. c4 Qc6
15. b4 Be7 16. Ne5 Qc7 17. O-O O-O 18. Bf4 Qb6 19. a3 a5 20. c5 Qd8 21. Rad1
Nd5 22. Bd2 Qc7 23. Bc4 axb4 24. axb4 b6 25. Rc1 bxc5 26. Nd3 Nb6 27. Bf4 Qd8
28. Nxc5 Bxc5 29. bxc5 Nxc4 30. Rfd1 Qf6 31. Qxc4 Bb7 32. Bd6 Rfc8 33. Qg4 Bc6
34. Qg3 Qf5 35. h3 f6 36. Rc4 e5 37. Rg4 Ra7 38. Rb4 Kh7 39. Qg4 Qxg4 40. hxg4
Ra2 41. Rdb1 Rc2 42. R1b2 Rc1+ 43. Kh2 Ra8 44. Rb6 Bd7 45. f3 e4 46. Rb7 Bc6
47. Rc7 Bd5 48. fxe4 Bxe4 49. Re2 Rc4 50. Re7 Bd5 51. Rd2 Bc6 52. Rc7 Be4 53.
Bg3 Ra3 54. Bh4 Bd3 55. Bxf6 Rxg4 56. c6 Be4 57. Be5 Ra5 58. Bd6 Ra6 59. Be5
Bxc6 60. g3 Rg5 61. Bf4 Rg6 62. Kg1 Re6 63. Kf2 Ra3 64. Kg1 Rf3 65. Rd1 h5 66.
Rf1 Rc3 67. Rf2 Kg6 68. Rd2 Rc1+ 69. Kf2 Rc4 70. Re2 Rxe2+ 71. Kxe2 Re4+ 72.
Kf2 Bd5 73. Rc5 Bf7 74. Kf3 Ra4 75. Rc6+ Kf5 76. Rc5+ Kf6 77. Be5+ Kg6 78. Bf4
Ra3+ 79. Ke4 Ra6 80. Kf3 Bb3 81. Ke4 Ra4+ 82. Ke3 Bd1 83. Rc6+ Kh7 84. Rc7 Ra5
85. Ke4 Ra6 86. Be5 Rg6 87. Bf4 Bg4 88. Re7 Kg8 89. Be5 Kf8 90. Ra7 Bd1 91.
Ra8+ Kf7 92. Ra7+ Kg8 93. Rc7 Rg4+ 94. Kf5 Bb3 95. Bf4 Kh7 96. Rc6 Bf7 97. Rc7
Bg6+ 98. Ke5 h4 99. gxh4 Rxh4 100. Ra7 Rh1 101. Kd4 Rd1+ 102. Ke3 Rd3+ 103. Ke2
Rd5 104. Bc1 Bf5 105. Bb2 Bd7 106. Bc1 Kg6 107. Ra3 Kh5 108. Bd2 g5 109. Be3
Bg4+ 110. Kf2 Rf5+ 111. Kg2 Bf3+ 112. Kg3 Be4 113. Bd2 Rf1 114. Re3 Rg1+ 115.
Kf2 Rg2+ 116. Ke1 Bf5 117. Re2 Rg1+ 118. Kf2 Rd1 119. Be3 g4 120. Bf4 Rd3 121.
Re3 Rd2+ 122. Re2 Rd7 123. Re1 Kg6 124. Rh1 Rd3 125. Be3 Be4 126. Rh6+ Kg7 127.
Re6 Bd5 128. Rd6 g3+ 129. Ke2 1/2-1/2

[Event "1st Welsh Masters"]
[Site "Bridgend"]
[Date "2019.08.29"]
[Round "8.2"]
[White "Rudd, Jack"]
[Black "Toczek, Grzegorz"]
[Result "1-0"]
[WhiteElo "2281"]
[BlackElo "2246"]
[PlyCount "115"]
[EventDate "2019.08.26"]
[EventType "tourn"]
[EventRounds "9"]
[EventCountry "WLS"]

1. d4 Nf6 2. c4 c5 3. d5 e6 4. Nc3 exd5 5. cxd5 d6 6. e4 g6 7. f4 Bg7 8. Bb5+
Nfd7 9. a4 O-O 10. Nf3 Na6 11. O-O Nc7 12. Bd3 a6 13. Nd2 Rb8 14. Nc4 Nf6 15.
e5 dxe5 16. d6 Nce8 17. fxe5 Ng4 18. Qe2 b5 19. axb5 axb5 20. Na5 c4 21. Be4
Bxe5 22. h3 Nxd6 23. hxg4 Qh4 24. Bf4 Bd4+ 25. Rf2 Nxe4 26. Nxe4 Bxg4 27. Qd2
Rbd8 28. Nc6 Bb6 29. Nxd8 Rxd8 30. Bg5 Rxd2 31. Bxh4 Rd1+ 32. Rxd1 Bxd1 33. Nc3
Bc2 34. Nxb5 f5 35. Bf6 Bxf2+ 36. Kxf2 Kf7 37. Bg5 Kg7 38. Nd6 Bd3 39. Ke3 h6
40. Be7 Bf1 41. g3 Kg8 42. Kd4 Kg7 43. Kd5 Bd3 44. Nxc4 g5 45. Ne5 Be4+ 46. Kd4
Bb7 47. b4 f4 48. gxf4 gxf4 49. b5 f3 50. Ke3 h5 51. Bh4 Kh6 52. Kd4 f2 53.
Bxf2 Kg5 54. Kc5 Kf5 55. Kd6 Bg2 56. Nc6 Bf1 57. b6 Ba6 58. Kc7 1-0

[Event "1st Welsh Masters"]
[Site "Bridgend"]
[Date "2019.08.30"]
[Round "9.2"]
[White "Kett, Tim"]
[Black "Varley, Peter"]
[Result "0-1"]
[WhiteElo "2245"]
[BlackElo "2171"]
[PlyCount "70"]
[EventDate "2019.08.26"]
[EventType "tourn"]
[EventRounds "9"]
[EventCountry "WLS"]

1. e4 e5 2. f4 exf4 3. Nf3 g5 4. Nc3 Bg7 5. d4 d6 6. g3 g4 7. Nh4 f3 8. Be3 Nc6
9. Qd2 h5 10. O-O-O a6 11. Bc4 Na5 12. Bd3 b5 13. b3 c6 14. Rhe1 Kf8 15. Bg5
Qxg5 16. Qxg5 Bh6 17. Qf4 Bxf4+ 18. gxf4 c5 19. dxc5 dxc5 20. e5 Bb7 21. Be4
Rh6 22. Rd7 Bc6 23. Bxc6 Nxc6 24. Ne4 Rd8 25. Nxc5 Rxd7 26. Nxd7+ Ke8 27. Nc5
Nd4 28. Kd2 Rc6 29. b4 Ne7 30. Kd3 Ne6 31. Nxe6 fxe6 32. a4 Rc4 33. axb5 axb5
34. h3 Rxf4 35. hxg4 hxg4 0-1

[Event "1st Welsh Masters"]
[Site "Bridgend"]
[Date "2019.08.30"]
[Round "9.3"]
[White "Willow, Jonah B"]
[Black "Waddington, Mike P"]
[Result "1-0"]
[WhiteElo "2326"]
[BlackElo "2023"]
[PlyCount "73"]
[EventDate "2019.08.26"]
[EventType "tourn"]
[EventRounds "9"]
[EventCountry "WLS"]

1. e4 e6 2. d4 b6 3. Bd3 Bb7 4. Nf3 c5 5. c3 Nf6 6. Qe2 Be7 7. h4 Nc6 8. a3 Na5
9. Nbd2 c4 10. Bc2 b5 11. Nf1 Qc7 12. Ng3 a6 13. h5 h6 14. Bd2 Nb3 15. Rd1 Nxd2
16. Qxd2 d5 17. e5 Ne4 18. Qf4 Nxg3 19. Qxg3 Bf8 20. O-O Qe7 21. Nh2 O-O-O 22.
f4 Re8 23. f5 Qg5 24. Qxg5 hxg5 25. fxe6 fxe6 26. Bg6 Rd8 27. Rf7 Rd7 28. Rdf1
Rxf7 29. Rxf7 a5 30. Nf3 b4 31. axb4 axb4 32. Nxg5 bxc3 33. bxc3 Ba3 34. Nxe6
Bb2 35. Nxg7 Bc1 36. Nf5 Bg5 37. Nd6+ 1-0